Quick Pick: Begins With 'Im' by 3 Synonyms Quiz Stats

 Plays Quiz Updated Jul 24, 2017

Support Sporcle.
Go Orange.
Score 0/14 Timer 01:30
0 Plays Today
% Correct
image
93.1%
immature
92.3%
impact
92.2%
impatient
92.1%
important
92.1%
immobilize
91.9%
improve
91.6%
% Correct
immigrant
91%
immune
90.1%
imposter
89.5%
imp
88.1%
immortal
86.3%
immediate
85.5%
imitate
85.4%

Today's Daily Dose

You're not logged in!

Compare scores with friends on all Sporcle quizzes.
OR
Log In
Forgot?

From the Vault

Republican National Conventions

by tseroff

These political conventions are really a boon for the flag pin industry.
Remove Ads.
Support Sporcle.
Get the best of Sporcle when you Go Orange. This ad-free experience offers more features, more stats, and more fun while also helping to support Sporcle. Thank you for becoming a member.

Show Comments

Extras

Top Quizzes Today


Score Distribution

Your Account Isn't Verified!

In order to create a playlist on Sporcle, you need to verify the email address you used during registration. Go to your Sporcle Settings to finish the process.

Report this User

Report this user for behavior that violates our Community Guidelines.

Details: